Progress of the public schools, May 1, 1924-July 31, 1929, (Record no. 21028)

MARC details
000 -LEADER
fixed length control field 00875cam a22002291 4500
001 - CONTROL NUMBER
control field e 30000151
003 - CONTROL NUMBER IDENTIFIER
control field DLC
005 - DATE AND TIME OF LATEST TRANSACTION
control field 20260227111220.0
008 - FIXED-LENGTH DATA ELEMENTS--GENERAL INFORMATION
fixed length control field 790917s1929 nyua 000 0 eng c
010 ## - LIBRARY OF CONGRESS CONTROL NUMBER
LC control number e 30000151
035 ## - SYSTEM CONTROL NUMBER
System control number (OCoLC)5379247
040 ## - CATALOGING SOURCE
Original cataloging agency U.S. Off. of educ. Library
Transcribing agency OCl
Modifying agency DLC
042 ## - AUTHENTICATION CODE
Authentication code premarc
050 00 - LIBRARY OF CONGRESS CALL NUMBER
Classification number LA339.N5
Item number A3 1929
110 1# - MAIN ENTRY--CORPORATE NAME
Corporate name or jurisdiction name as entry element New York (N.Y.).
Subordinate unit Superintendent of Schools.
245 00 - TITLE STATEMENT
Title Progress of the public schools, May 1, 1924-July 31, 1929,
Statement of responsibility, etc. by Dr. William J. O'Shea, superintendent of schools. New York.
260 ## - PUBLICATION, DISTRIBUTION, ETC.
Place of publication, distribution, etc. [New York city,
Name of publisher, distributor, etc. Printed at the Herald-Nathan press, inc.,
Date of publication, distribution, etc. 1929]
300 ## - PHYSICAL DESCRIPTION
Extent xix, 168 p. incl. front., illus.
Dimensions 23 cm.
500 ## - GENERAL NOTE
General note At head of title: Board of education. The city of New York.
650 #0 - SUBJECT ADDED ENTRY--TOPICAL TERM
Topical term or geographic name entry element Public schools
Geographic subdivision New York (State)
-- New York.
700 1# - ADDED ENTRY--PERSONAL NAME
Personal name O'Shea, William James,
Dates associated with a name 1864-1939.

No items available.

Powered by Koha